[Event "Dortmund SuperGM 33rd"]
[Site "Dortmund"]
[Date "2005.07.09"]
[Round "2"]
[White "Topalov, Veselin"]
[Black "Naiditsch, Arkadij"]
[Result "1-0"]
[WhiteElo "2788"]
[BlackElo "2612"]
[Annotator "Ribli,Z"]
[PlyCount "53"]
[EventDate "2005.07.07"]
[EventType "tourn"]
[EventRounds "9"]
[EventCountry "GER"]
[EventCategory "19"]
[SourceTitle "CBM 108"]
[Source "ChessBase"]
[SourceDate "2005.09.26"]
[SourceVersion "1"]
[SourceVersionDate "2005.09.26"]
[SourceQuality "1"]

1. Nf3 Nf6 2. c4 e6 3. Nc3 d5 4. d4 dxc4 5. e4 Bb4 6. Bg5 c5 7. e5 cxd4 8. Nxd4
(8. Qa4+ Nc6 $13) 8... Bxc3+ 9. bxc3 Qa5 10. exf6 Qxg5 11. fxg7 Qxg7 12. Qd2 {
Dieser Damenzug scheint mir logischer, als die Alternative 12.Qf3.} O-O (12...
Nc6 13. Nxc6 bxc6 14. Bxc4 Qe5+ 15. Kf1 Bb7 16. Rd1 O-O 17. h4 Rad8 $10 {
Portisch,L-Huebner,R/Skelleftea WCup/1989/0,5/28/}) 13. Bxc4 a6 {Interessant
ist zu bemerken, dass vor ein paar Monaten Topalov mit Schwarz dieselbe
Variante spielte, aber statt dem Bauernzug die Alternative 13...Rd8 wählte.} (
13... Rd8 14. Qe3 Bd7 15. O-O Nc6 16. Nf3 Ne7 17. Ne5 Ng6 (17... Bc6 18. Nxc6
Nxc6 19. Bd3 (19. f4 $5) 19... Ne7 20. Be4 Nd5 21. Bxd5 Rxd5 22. Rad1 Qe5 {
1/2-1/2 Van Wely,L-Topalov,V/Monte Carlo C 2005/(29)}) 18. f4 Rac8 19. Be2 Nxe5
20. fxe5 Bc6 21. Bf3 Bd5 22. Rab1 b6 23. Rb4 $1 Bxf3 24. Rxf3 Rd1+ 25. Kf2 {
0-1 Dreev,A-Kharlov,A/Novosibirsk 1995/CBM 050/[Belov] (44)}) 14. O-O {Weiß
hat einige Bauernschwächen am Damenflügel, aber Entwicklungsvorteil.} Rd8 $6 (
14... b5 15. Bb3 (15. Be2 Bb7 16. Bf3 Bxf3 17. Nxf3 Nc6 $11) 15... b4 16. Rac1
(16. Rad1 $5 {Das wäre eine mögliche Verbesserung für Weiß.} bxc3 (16... Rd8
17. Qf4 Bb7 (17... bxc3 18. Nxe6 $18) (17... e5 18. Nf5 Rxd1 (18... exf4 19.
Rxd8+ Qf8 20. Ne7+ $18) 19. Nh6+ $18) 18. Nf3 $1 $36) 17. Qxc3 Bb7 (17... Nd7
18. Rd3 Ne5 19. Rg3 Ng6 20. h4 Qh6 21. Qf3 $1 {[%cal Rh4h5,Rf3a8]}) 18. Qh3 Kh8
(18... Nc6 19. Nxe6 $1) 19. Ba4 $5 $36) 16... Rd8 17. Qe3 Bb7 18. f3 bxc3 19.
Rfd1 Nc6 20. Nxc6 Rxd1+ 21. Bxd1 Bxc6 22. Rxc3 Bd5 23. Bb3 Bxb3 24. axb3 {
1/2-1/2 Ribli,Z-Acs,P/Hungary/ 2002 (57)}) 15. Qf4 b5 $6 (15... e5 16. Qh4 $36)
(15... Bd7 $142 16. Rae1 Nc6 17. Re3 Ne7 (17... e5 18. Qh4 exd4 19. Rg3 Bf5 20.
Rxg7+ Kxg7 21. Qg3+) 18. Rg3 Ng6 19. Qg5 $36) 16. Qc7 $1 $36 {[%csl Gc7] Das
Eindringen der Dame in die gegnerische Stellung ist sehr stark; Schwarz hat
große Schwierigkeiten mit der eigenen Figurenentwicklung.} Qf8 (16... Qf6 17.
Bd3 {[%csl Gc7,Gd3][%cal Rd3e4,Re4a8]}) 17. Bd3 Rd7 (17... Qd6 18. Bxh7+ $1 Kg7
(18... Kxh7 19. Qxf7+ Kh8 (19... Kh6 20. Nf3 $1 Qf8 21. Ne5 Qg7 22. Qf4+ Kh7
23. Qh4+ $18) 20. Rad1 Qf8 21. Qh5+ Kg8 22. Nxe6 Bxe6 23. Qg5+ $18) 19. Qxd6
Rxd6 20. Be4 Ra7 21. Rad1 $16) 18. Qf4 Bb7 19. Rae1 {[%cal Re1e3,Re3g3,Rg3g8]
[%mdl 2048] Weiß bringt den Turm ins Spiel, seine Drohung ist Re3-Rg3.} Qg7 $6
(19... Nc6 20. Re3 Ne7 21. h4 $1 $40) 20. Be4 $16 Kh8 (20... e5 21. Bxb7 f6 (
21... exf4 22. Re8+ $18) 22. Qf3 Rxb7 23. Nf5 Qc7 24. Nh6+ Kg7 25. Qg4+ Kxh6
26. Re3 $18) 21. Re3 Bxe4 (21... e5 22. Bxb7 $1) 22. Qxe4 Rd5 (22... Raa7 23.
Qf4 Rac7 24. Rg3 e5 25. Qf5 exd4 26. Re1 $18) (22... Rda7 23. Rg3 Qf6 24. Nf3
Nd7 25. Ng5 Qg6 (25... Nf8 26. Nxf7+ $1 Rxf7 (26... Qxf7 27. Qe5+ $18) 27. Qxa8
$18) 26. Qd4+ e5 (26... f6 27. Nxh7 $1) 27. Qd5 Nb6 (27... Rf8 28. Nxh7 $18)
28. Qf3 $1 f5 29. Nxh7 $18) {[#]} 23. Nxe6 $3 {[%mdl 512] Mit diesem
Figurenopfer vernichtet Weiß die schwarze Bauerverteidigung und erhält
deutlichen Angriff.} fxe6 24. Qxe6 $18 {[%csl Ge3,Ge6,Rg7,Rh8][%cal Re3g3,
Rg3g7]} Rd7 (24... Rd8 25. Rg3) 25. Rg3 Qf8 26. Re1 $1 {[%csl Ra8,Rb8,Ge1,Ge6,
Gg3] Die letzte weiße Figur kommt ins Spiel - Schwarz ist machtlos.} Raa7 (
26... Rg7 27. Rxg7 Kxg7 (27... Qxg7 28. Qc8+ Qg8 29. Re8 $18) 28. Qg4+ Kh8 29.
Qd4+ Kg8 30. Qd5+ $18) 27. Qf6+ $1 (27. Qf6+ Qxf6 28. Re8+ $18) 1-0

[Event "Dortmund SuperGM 33rd"]
[Site "Dortmund"]
[Date "2005.07.16"]
[Round "8"]
[White "Van Wely, Loek"]
[Black "Topalov, Veselin"]
[Result "0-1"]
[WhiteElo "2655"]
[BlackElo "2788"]
[Annotator "Psakhis,L"]
[PlyCount "94"]
[EventDate "2005.07.07"]
[EventType "tourn"]
[EventRounds "9"]
[EventCountry "GER"]
[EventCategory "19"]
[SourceTitle "CBM 108"]
[Source "ChessBase"]
[SourceDate "2005.09.26"]
[SourceVersion "1"]
[SourceVersionDate "2005.09.26"]
[SourceQuality "1"]

1. d4 e6 2. e4 d5 3. e5 c5 4. c3 Nc6 5. Nf3 Bd7 6. a3 f6 {Psakhis,L: 'This
move is very popular at the moment. Another interesting move is the solid} (
6... c4 $5 {which I prefer to play myself.'}) 7. Bd3 (7. b4 c4 (7... fxe5 8. b5
$5 (8. dxc5 {- 44/317} Nf6 9. Bb5 e4) (8. bxc5 e4 9. Ng5 Nf6 $15) 8... Na5 9.
Nxe5 Nf6 10. Bg5 $5 (10. Bd3 c4 $5 (10... Bd6 11. Bg5 O-O 12. Qc2 Qe8 $5 13.
Bxf6 gxf6 14. Bxh7+ Kg7 15. Bg6 Qe7 16. Nxd7 Qxd7 17. dxc5 Bxc5 18. Bd3 e5 $13)
) 10... Be7 11. Bd3 O-O 12. Nd2 $14) 8. Be2 Qc7 $13) 7... Qc7 (7... fxe5 {
also deserves attention:} 8. Nxe5 Nxe5 9. dxe5 Ne7 (9... g6 {and it is not
easy for White to get an advantage, for example} 10. O-O Qc7 11. f4 c4 12. Bc2
Bc5+ 13. Kh1 Ne7 14. Nd2 O-O-O 15. b4 cxb3 16. Nxb3 Bb5 $13 {0-1 Afek,Y-Hebert,
J/Paris op 1995 (24)}) 10. O-O Qc7 $13) (7... cxd4 8. cxd4 Nh6 9. O-O Nf7 10.
Re1 Be7 11. Nc3 O-O 12. Qc2 f5 13. Nxd5 $5 exd5 14. e6 $14) 8. Bf4 (8. O-O
O-O-O (8... c4 9. Bc2 O-O-O (9... fxe5 10. Nxe5 Nxe5 11. dxe5 O-O-O 12. Qe2 Nh6
13. Bxh6 gxh6 14. Nd2 Bg7 15. Nf3 Rdf8 16. Rae1 Rf7 17. Nd4 Qd8 18. Qh5 Rf4 19.
g3 Rff8 20. Bd1 Re8 21. Bg4 Qb6 22. Re2 Re7 {1-0 Haba,P-Ganaus,H/St Poelten GM
2002/ (32)}) 10. Re1 Nge7 (10... fxe5 11. Nxe5 $5 $146 ({Black has nothing to
worry about after} 11. dxe5 Bc5 12. Nbd2 Nh6 13. b4 Bb6 14. h3 Nf7 15. Qe2 Rdf8
16. Kh1 g5 17. a4 a5 $1 18. b5 Ne7 $15 {0-1 Alekseev,E-Ivanov,S/St.
Petersburg-ch 1999 (48) but it is not clear if the move in the game is an
improvement.}) 11... Nxe5 12. dxe5 Bc5 13. Be3 Bxe3 14. Rxe3 Ne7 15. Nd2 Nc6
$11 16. Nf3 (16. Qg4 Rdg8 17. Nf3 {1/2-1/2 Haba,P-Potkin,V/Pardubice Czech
Open 2002/The Week in Chess 403}) 16... Rdf8 17. Qe2 h6 {[%cal Gg7g5]} 18. Nh4
$5 (18. b3 cxb3 19. Bxb3 Na5 {[%csl Rc3]}) 18... Be8 ({Maybe White is slightly
better after} 18... Ne7 19. Ng6 Nxg6 20. Bxg6 $14 {[%cal Ga1d1,Ge2g4]}) 19. Qg4
Qe7 {[%cal Ge7g5]} (19... Qf7 $5) 20. Ng6 Bxg6 21. Bxg6 h5 $1 $11 {1/2-1/2
Haba,P-Ulibin,M/Koszalin-A 1999/CBM 73/[Psakhis,L] (25)}) (10... Nh6 11. Bxh6
gxh6 12. exf6 Qf4 13. Nbd2 Bd6 14. Qe2 Rdf8 15. Rad1 Qxf6 16. Ne5 Rhg8 17. g3
h5 $36 {1/2-1/2 Grosar,A-Furlan,M/SLO-ch 1993 (37)}) (10... h6 11. b3 cxb3 12.
Bxb3 g5 13. exf6 Nxf6 14. Bb2 Bd6 15. c4 dxc4 16. Bxc4 Nd5 17. Nbd2 Rhf8 18.
Ne4 g4 $132 {0-1 Arnhold,K-Kiseleva,N/EuropapokalW 1998 (31)}) 11. Nbd2 (11.
Qe2 fxe5 12. Nxe5 Nxe5 13. Qxe5 Qxe5 14. Rxe5 Nc6 15. Re2 Bd6 16. Bg5 Rde8 17.
Nd2 e5 18. dxe5 Nxe5 19. Rae1 Nd3 20. Rxe8+ Bxe8 21. Bxd3 cxd3 22. Be3 b6 23.
Rd1 {1/2-1/2 Shavtvaladze,N-Barsov,A/Ikaros op 2001/Ajelibre}) 11... fxe5 12.
dxe5 h6 13. Nf1 g5 14. h3 Bg7 15. Qe2 Rhf8 16. Ng3 Be8 17. Nd4 Bf7 18. Nb5 Qxe5
19. Nxa7+ Nxa7 20. Qxe5 Bxe5 21. Rxe5 Nac6 22. Re1 e5 23. Be3 d4 {0-1 Shanava,
K-Gaprindashvili,V/GEO-ch I Liga Tbilisi 2002/EXT 2004 (51)}) 9. Re1 (9. Qe2 h6
10. b4 c4 11. Bc2 f5 12. Nh4 Be8 13. f4 Be7 14. Nxf5 exf5 15. Bxf5+ Kb8 16. Qg4
g5 17. fxg5 hxg5 18. Bxg5 Bh5 19. Qg3 Bxg5 20. Qxg5 Nge7 21. Nd2 Rdg8 22. Qe3
Nxf5 23. Rxf5 Qh7 {0-1 Grischuk,A-Short,N/Reykjavik op 2000/The Week in Chess
284 (32)}) 9... fxe5 (9... c4 10. Bf1 Nge7 11. Nbd2 fxe5 12. Ng5 exd4 13. Nf7
dxc3 14. bxc3 Ng6 15. Nxh8 Nxh8 16. Nf3 Nf7 17. g3 Be7 18. Nd4 Nxd4 19. cxd4
Bf6 20. Bb2 Nd6 {0-1 Genin-Epishin/Leningrad 1980/ChessBase (49)}) (9... h6 10.
b4 c4 11. Bc2 f5 12. h4 Be8 13. Bf4 Bh5 14. Nbd2 g5 15. hxg5 hxg5 16. Bxg5 Qh7
17. Kf1 Nce7 18. Qc1 Bh6 19. Bxh6 Nxh6 20. Ng5 Qg6 21. f4 Rdg8 22. Bd1 Nf7 23.
Ndf3 Bxf3 {0-1 Crut,A-Luther,T/FRA-ch National 1 Lille 2005/ (40)}) 10. dxe5
$146 c4 $5 {Psakhis,L: Black has nothing to worry about after} 11. Bc2 Bc5 12.
Nbd2 (12. Be3 Bxe3 13. Rxe3 Nh6 14. h3 Nf7 15. Qe2 g5 16. Nbd2 Rdg8 17. b3 h5
$132) 12... Nh6 {[><f2, e5]} 13. b4 Bb6 14. h3 Nf7 15. Qe2 Rdf8 $5 16. Kh1 (16.
b5 Ncxe5 $1) (16. a4 $5 a5 17. b5 Ncxe5 $1 18. Nxe5 Nxe5 19. Qxe5 Bxf2+ 20. Kh1
Bxe1 21. Qxe1 e5 22. b6 $5 (22. Ba3 Rf6 23. Nf3 Bf5 $13 {עc8})) 16... g5 17.
a4 a5 18. b5 Ne7 $15 {0-1 Alekseev,E-Ivanov,S/Saint Petersburg 1999/ (48)
Psakhis,L: 'but it is not clear if move in the game is an improvment.'}) (8.
exf6 gxf6 9. O-O O-O-O 10. dxc5 Bxc5 11. b4 Bd6 12. h3 Nge7 13. Nd4 Nxd4 14.
cxd4 e5 15. Ra2 Kb8 16. b5 e4 17. Rc2 Qb6 18. Be2 Rhg8 19. Kh1 Nf5 20. Nc3 Qxd4
21. Nxd5 Be6 22. Nf4 Qe5 {1/2-1/2 Andrejchuk,V-Kudin,V/UKR Juniors games boys
Evpatoria 2005 (45)}) 8... O-O-O (8... c4 9. Bc2 O-O-O 10. Nbd2 (10. Qc1 f5 11.
h4 Nh6 12. Nbd2 Be7 13. Nf1 Nf7 14. Ng5 Rdf8 15. Nh2 Nfd8 16. Nf1 g6 17. Nf3
Nf7 18. Ng5 Nfd8 19. Nf3 Nf7 {1/2-1/2 Vatter,H-Barsov,A/Untergrombach op 1995/
ChessBase}) 10... Be8 11. Qb1 Bh5 12. Bg3 Qf7 13. exf6 gxf6 14. O-O Bg6 15. b3
cxb3 16. Qxb3 Bxc2 17. Qxc2 Nge7 18. Rab1 Nf5 19. Qa4 Nxg3 20. hxg3 Qd7 21. c4
Kb8 22. cxd5 exd5 {1-0 Giaccio,A-Soln,P/Elista ol 1998/ChessBase (63)}) (8...
Nge7 9. Bg3 Qb6 10. b3 cxd4 11. cxd4 f5 12. Be2 g6 13. Bf4 h6 14. h4 Rc8 15. b4
Nd8 16. O-O Nf7 17. Qd2 Qd8 18. Nc3 g5 19. hxg5 Ng6 20. Nb5 Nxf4 21. Qxf4 hxg5
22. Qg3 g4 {0-1 Thapa,K-Reefat,S/Dhaka GM 2004/ (39)}) 9. O-O c4 (9... g5 $2
10. Bg3 g4 11. exf6 $16) 10. Bc2 Qb6 $146 (10... h6 $5 11. Bg3 (11. h4 Be8 (
11... f5 12. h5 $14) 12. b3 (12. Nbd2 Bh5 13. Qe1 f5 $15) 12... cxb3 13. Bxb3
Bh5 14. Nbd2 (14. Qd3 g5 15. Bg3 (15. hxg5 hxg5 16. Bg3 Bxf3 17. Qxf3 (17. exf6
Qf7 18. Qxf3 Qh7 $19) 17... Qh7 $19) 15... f5 16. hxg5 Bxf3 $19) 14... fxe5 (
14... g5 $1 15. Bg3 (15. Be3 f5 $17) 15... f5 $17) 15. dxe5 Bc5 16. Qb1 (16.
Qe1 Nge7 17. Be3) 16... Nge7 17. c4 (17. Bh2 Rhf8 18. Bd1 $17) 17... Rhf8 18.
Bh2 Bxf3 19. Nxf3 Rxf3 $1 20. gxf3 Nd4 21. Kg2 Nef5 $36 {Adams,M-Epishin,V/
Tel Apel 1992}) (11. b3 g5 12. Be3 fxe5 13. bxc4 dxc4 14. Nbd2 Bg7 15. Rb1 Be8
16. Qe2 Nge7 17. Qxc4 Nd5 18. Ne4 exd4 19. cxd4 g4 {0-1 Valet,R-Pap,G/
Budapest-02 IMA 2005/ (32)}) 11... f5 12. h4 (12. Bf4 Be8 13. Ne1 g5 14. Bc1
Nge7 15. Nd2 Na5 16. Rb1 Nec6 17. b3 cxb3 18. Nxb3 Nxb3 19. Bxb3 Na5 20. a4 Kb8
21. Bd2 f4 22. Bc2 Nc4 23. Bc1 Qa5 {1/2-1/2 Chevaldonnet,F-Barsov,A/FRA t-ch2
0304 2003/ChessBase (46)}) 12... Be8 13. Nbd2 Bh5 14. Qb1 Nge7 15. b3 cxb3 16.
Bxb3 Na5 17. Rc1 Nxb3 18. Qxb3 Nc6 19. Rab1 Na5 20. Qa2 Bxf3 21. Nxf3 Nc4 {
0-1 Markgraf,A-Luther,T/Dresden ZMD-op 2003/ChessBase (70)}) 11. b3 cxb3 12.
Bxb3 g5 $1 13. Be3 g4 14. Ne1 {[%cal Ge1d3]} (14. Nfd2 {[%csl Rb1]}) 14... Na5
15. Bc2 f5 16. Nd3 Kb8 17. a4 $5 {[%cal Gb1a3]} (17. Nd2 $5 Rc8 18. Rb1 Qc7 19.
Nb3 {[%cal Gb3c5]}) 17... Rc8 18. Qe2 Qa6 19. Qe1 (19. Na3 $5 Rxc3 $140 $2 (
19... h5 $5) 20. Nb5 Bxb5 21. axb5 Qxb5 22. Rfb1 $40 {[%csl Ga1,Gb1]}) 19... b6
(19... Nc4 $5 20. a5 $140 Bb5) 20. Na3 Bxa3 $1 (20... Nb3 $6 21. Ra2 (21. Bxb3
$5 Qxd3 22. Nb5) 21... Qxa4 (21... Bxa4 22. Nb1 $18) 22. Nc1 (22. Qb1 Rxc3 23.
Qb2 Qc6 24. Bxb3 Rxd3 25. Rc1 Qb7 26. Qc2 Bxa3 27. Rxa3 Bb5 28. Bxd5 $1 exd5
29. Rxd3 Bxd3 30. Qxd3 Ne7 (30... Qd7 31. e6 $1) 31. Bg5 $36) 22... Bxa3 23.
Nxb3 Bb5 24. Qa1 $18) 21. Rxa3 Ne7 22. Nb4 {White has seized space on the
queenside and is ready to play actively there, while Black has to develop his
play on the kingside.} Qb7 23. Bd3 Nc4 24. Bxc4 (24. Ra1 $5) 24... dxc4 25. a5
b5 26. a6 Qa8 {[%csl Ga8] It looks that Topalov has big problems as his queen
will now be temporarily out of play, but I don't see how White can use it to
his favour.} 27. Qe2 Nd5 28. Nxd5 $6 {A dubious decision allows Black to
activate his forces.} (28. Qb2 $140 $1 Nxb4 29. Qxb4 Qd5 (29... Qe4 $2 30. Qd6+
Rc7 31. d5 {/\B:a7}) 30. Qd6+ Qxd6 31. exd6 h5 32. Bf4 $14) 28... Qxd5 $36 {
[%mdl 32]} 29. f4 (29. f3 Rcg8 (29... h5 $5)) 29... h5 $1 {Black prepares his
own offensive on the kingside.} 30. Rb1 h4 31. Kf1 Bc6 $17 {[%csl Ra6,Gc6,Gd5]
[%cal Gh4h3]} 32. Bg1 Ka8 33. Rb4 Rb8 34. Ra2 Rb6 35. Ke1 h3 36. g3 Rc8 37. Be3
Bd7 $5 {[%csl Ra6][%cal Gc8c6,Gd7c8] Topalov has improved the position of all
his pieces and is now ready for more active actions. Unfortunately White must
just sit and wait - he hasn't any counter-play.} 38. Ra5 Qh1+ 39. Kd2 Bc6 40.
Qf2 Bd5 41. Qg1 (41. Rbxb5 Rcb8 42. Rxb6 (42. Rb4 Rxb4 43. cxb4 Rxb4 $19) 42...
Rxb6 {[%cal Rb6b2]}) 41... Qe4 {White's position is hopelessly passive.} 42.
Kc1 (42. Rbxb5 Rcb8 $19) 42... Rcc6 $19 43. Qf2 (43. Raxb5 Rxb5 44. Rxb5 Rxa6
45. Kb2 Bc6 46. Rb4 Ba4 47. Qc1 $8 Bb3 48. Rxb3 cxb3 $19) 43... Rxa6 44. Raxb5
(44. Rbxb5 Rxa5 45. Rxa5 Rb6 46. Ra1 Rb3) 44... Ra1+ 45. Rb1 Rxb1+ 46. Rxb1 Ra6
47. Qd2 Qh1+ {Great positional achievement of Veselin Topalov.} 0-1

[Event "Dortmund SuperGM 33rd"]
[Site "Dortmund"]
[Date "2005.07.17"]
[Round "9"]
[White "Topalov, Veselin"]
[Black "Leko, Peter"]
[Result "1-0"]
[WhiteElo "2788"]
[BlackElo "2763"]
[Annotator "Rogozenco,D"]
[PlyCount "211"]
[EventDate "2005.07.07"]
[EventType "tourn"]
[EventRounds "9"]
[EventCountry "GER"]
[EventCategory "19"]
[SourceTitle "CBM 108"]
[Source "ChessBase"]
[SourceDate "2005.09.26"]
[SourceVersion "1"]
[SourceVersionDate "2005.09.26"]
[SourceQuality "1"]

1. e4 c5 2. Nf3 Nc6 3. d4 cxd4 4. Nxd4 Nf6 5. Nc3 e5 6. Ndb5 d6 7. Bg5 a6 8.
Na3 b5 9. Nd5 Be7 10. Bxf6 Bxf6 11. c3 O-O 12. Nc2 Rb8 13. h4 Be7 14. a3 ({
S.Karjakin achieved few important wins with} 14. Nce3 Be6 15. Qf3 {[%cal Ga1d1,
Yf1d3,Yd3c2,Yc2b3]}) 14... Be6 {The mnost precise answer, not fearing Ncb4.} (
14... Kh8 15. g3 $14 (15. Bd3 $14) (15. Ncb4 Bb7 $11)) (14... a5 15. Nce3 $14)
15. Ncb4 (15. g3 Qd7 16. Bg2 a5 $11) 15... Nxb4 16. axb4 Ra8 17. g3 (17. Bd3 $6
Bxd5 18. exd5 f5 $15) 17... Qd7 ({Better than} 17... a5 {since White retains
some winning chances in the endgame thanks to the passed b-pawn:} 18. Bxb5 Bxd5
(18... axb4 $2 19. Rxa8 Qxa8 20. Nxe7+ $18) 19. Qxd5 axb4 20. Rxa8 Qxa8 21.
Qxa8 Rxa8 22. Kd2 bxc3+ 23. Kxc3 $14) 18. Bg2 ({After} 18. Nb6 $2 Qb7 {White
must return with the knight, since} 19. Nxa8 $2 {loses due to} Qxe4+) 18... Bd8
19. O-O Qc6 ({White is marginally better after} 19... a5 20. bxa5 Rxa5 21. Rxa5
Bxa5 22. Qd3 (22. h5 h6) 22... Qb7 23. Rd1 $1 $11 {[%cal Gg2f1] /+/=} (23. Ne3
Bc4 24. Nxc4 bxc4 $11) (23. Ra1 Bb6 $1 (23... Ra8 $2 24. b4 Bd8 25. Rxa8 Qxa8
26. Qxb5 $18) 24. Nb4 (24. Ne3 Bxe3 25. Qxe3 b4 $11) 24... Bc5)) 20. Ne3 a5 ({
Also possible was} 20... Bb6 21. Qd2 (21. Qd3 Bc4 22. Nxc4 bxc4 23. Qd2 a5 $11)
21... Rfd8 22. Rfd1 (22. Nf5 $6 Bxf5 23. exf5 d5 24. Rfd1 e4 $132) 22... Bb3
23. Nd5 Ra7 $1 $11) 21. bxa5 Bxa5 22. Nf5 (22. Qd3 Bc4 $11) 22... Qd7 (22...
Bxf5 23. exf5 e4 24. f6 $36) 23. Qd2 Bc7 24. Ne3 (24. Nxg7 Kxg7 25. Qg5+ Kh8
26. Qf6+ Kg8 $11) 24... Qc6 25. Nf5 Qd7 26. Qg5 f6 27. Qd2 d5 {Black
successfully solved all problems and equalized. Possibly Leko relaxed around
here and Topalov slowly outplayed him. Nevertheless Black still must play
accurately to achieve a draw.} 28. Ne3 d4 29. cxd4 Qxd4 (29... exd4 30. Nd5 $14
) 30. Qc2 Rxa1 (30... Bb6 $2 31. Rxa8 Rxa8 32. Qc6 $18) 31. Rxa1 Bb6 32. Rd1
Qc5 (32... Qb4 33. Nd5 Qa5 $11 {[%cal Gb6d4]}) 33. Qe2 Bb3 34. Rd3 Bc4 {
Leaving on the board opposite-coloured bishops unexpectedly offers White an
easier play on the kingside.} (34... Qc1+ 35. Kh2 (35. Bf1 Be6 (35... Bxe3 36.
Rxb3 $1 $16) 36. Rd1 Qc5 37. h5 (37. Qxb5 Qxb5 38. Bxb5 Bxe3 39. fxe3 Rb8)
37... b4 $11) 35... Bf7 36. Rc3 Qb1 37. Qxb5 Bd4 $11) 35. Nxc4 Qxc4 36. b3 Qb4
(36... Qc7 37. Bh3 Bd4 38. Be6+ Kh8 39. Kg2 Qc6 40. Bd5 Qd6 41. Rd2 b4 42. Ra2
Rd8 43. h5 $14) 37. Bh3 (37. Rd5 Qxb3 38. Rxb5 Qe6 $11) 37... Bd4 (37... Rd8 $2
38. Rxd8+ Bxd8 39. Qd3 Be7 40. Qd5+ Kh8 41. Qf7 $36) 38. Kg2 g6 {Not really
necessary, although White's chances are better anyway.} (38... Qe7 $142 39. Rd2
b4 40. Qc4+ Kh8 41. h5 g6 $14 {[%cal Gf6f5]} (41... Qf7 $2 42. Qxb4)) 39. Be6+
Kh8 40. h5 Qe7 41. Qg4 Re8 42. Bd5 (42. Bd7 $2 f5 $19) 42... f5 (42... Kg7 43.
Rd1 $14 {[%cal Gd1h1]}) 43. Qh3 (43. exf5 gxf5 44. Qxf5 Rf8 $132) 43... fxe4 (
43... Kg7 44. exf5 gxf5 45. Qxf5 Rf8 46. Qg4+ Kh8 47. Rf3 $16) 44. Bxe4 gxh5
45. Qxh5 Rf8 46. Rd2 Qf7 47. Qh6 Qg7 48. Qc6 b4 49. Qd6 Bc3 50. Ra2 Qf6 51. Qc5
Kg7 52. Ra7+ Rf7 53. Bd5 Rxa7 54. Qxa7+ Kf8 $2 ({Correct was} 54... Kh8 55. Be4
Qg7 56. Qb8+ Qg8 57. Qd6 Qg4 {and White cannot create serious threats. For
instance:} 58. Bd5 Kg7 59. Qe7+ Kh6 60. Bf7 (60. Qf6+ Qg6) 60... e4 $1 {
[%cal Gg4f3]}) 55. Qxh7 $16 Bd4 56. Qc2 Bc3 57. Qa2 Qd8 58. Bc4 Ke7 59. Qa7+
Qd7 60. Qa8 Kd6 61. Bd5 Kc5 62. Bf3 Kd6 63. Qb8+ Ke7 64. Qa8 Qd8 65. Qe4 Qd7
66. Qh4+ Kd6 67. Qf6+ Qe6 68. Qd8+ Kc5 69. Qa5+ Kd4 70. Qa7+ Kd3 71. Qa2 Kd4
72. Kf1 e4 73. Qa7+ Ke5 74. Qc7+ Kd4 75. Qa7+ Ke5 76. Qe3 Qxb3 77. Qxe4+ Kf6
78. Kg2 Qe6 79. Qd3 Qe5 80. Bd5 Qf5 81. Be4 Qc5 82. Bd5 Ke5 83. Qe4+ Kd6 84.
Qe6+ Kc7 85. f4 Qd6 86. Qe4 Qd7 87. Kf3 Kd6 88. g4 Qb5 89. Qe6+ Kc5 90. Ke4
Qe2+ 91. Kf5 Qd3+ 92. Be4 Qd8 93. g5 Qf8+ 94. Kg4 Qd6 95. Qxd6+ Kxd6 96. Bc2
Ke7 97. Kh5 Kf7 98. Kh6 Kg8 99. f5 Kh8 100. Kg6 Bd4 101. f6 Be3 102. Kf5 Kg8
103. Bb3+ Kh8 104. g6 Bh6 105. Ke6 Bg7 106. fxg7+ 1-0